Dejiny Slovenska 1 : ( do roku 1526
Salvato in:
| Natura: | Libro |
|---|---|
| Lingua: | slovacco |
| Pubblicazione: |
Bratislava :
Veda,
1986
|
| Edizione: | 1.vyd. |
| Soggetti: | |
| Tags: |
Nessun Tag, puoi essere il primo ad aggiungerne!!
|
MARC
| LEADER | 00000nam a22000003a 4500 | ||
|---|---|---|---|
| 001 | stu35474 | ||
| 005 | 20150408180755.5 | ||
| 008 | 920424s1986----cs------------------slo-d | ||
| 040 | |a STU |b slo | ||
| 041 | 0 | |a slo | |
| 044 | |a cs | ||
| 080 | |a 943.76(091) | ||
| 245 | |a Dejiny Slovenska 1 : |b ( do roku 1526 | ||
| 250 | |a 1.vyd. | ||
| 260 | |a Bratislava : |b Veda, |c 1986 | ||
| 300 | |a 532 s | ||
| 650 | 7 | |a Slovensko |2 stusub | |
| 650 | 7 | |a dejiny |2 stusub | |
| 996 | |b 284M018341 |c M*2568/1-1 |l MMKN |s A |a 24 |w stu35474_0001 | ||